000 00751nam a2200229Ia 4500
003 OSt
005 20220714142431.0
008 210716s1998 xx 000 0 und d
020 _a9788185015125
040 _cAIMIT LIBRARY
041 _aeng
082 _a512.7
_21
_bAPOT
100 _aApostol, Tom M.
_949397
245 _aIntroduction to analytic number theory /
_cBy Tom M Apostol.
250 _a1st ed.
260 _aNew Delhi :
_bNarosa Publishing House ,
_c1998.
300 _axii,338p. ;
_c23 cm.
650 _aFundamental theorem of arithmetic
_949398
650 _aArithmetical functions and dirichlet multiplication
_949399
650 _aPeriodic arithmetical functions and gauss sums
_949400
942 _2ddc
_cBK
_e1st ed.
_k512.7 APOT
999 _c193713
_d193713